| 000 | 00628nam a2200205 4500 | ||
|---|---|---|---|
| 001 | 120920 | ||
| 003 | ES-MaACL | ||
| 005 | 20250826054355.0 | ||
| 007 | t| | ||
| 008 | 070214s1922 fr r ||||1| fre d | ||
| 080 | _a641.5 | ||
| 100 | 1 |
_aPomiane, Edouard de. _992924 |
|
| 245 | 1 | 0 |
_aBien manger pour bien vivre _b: essai de gastronomie théorique / _cEdouard de Pomiane ; preface par Ali-Bab. |
| 260 |
_aParis : _bAssociation Linotypiste, _c1922. |
||
| 300 |
_a350 p. ; _c19 cm. |
||
| 650 | 0 | 7 |
_aGastronomÃa _2embne _913036 |
| 700 | 1 |
_aAli-Bab. _919911 |
|
| 852 |
_aES-MaACL _jF-12613 |
||
| 999 |
_c120920 _d120920 |
||